000 00669nam a2200229Ia 4500
003 OSt
005 20220928135612.0
006 a|||||r|||| 00| 0
007 ta
008 220927b |||||||| |||| 00| 0 eng d
024 _a3591
037 _cTextual
040 _aSDCL
_cSDCL
_beng
041 _2eng
_aeng
082 _aX:5381, P3
100 _aTetreault Mary Ann Ed.
_9491889
245 0 _aRethinking global political economy
_b Emerging issues, unfolding odysseys
260 _c2003
700 _a Denemark Robert A Ed.
_9491890
942 _hX:5381, P3
_cTEXL
_2CC
999 _c807326
_d807326